| 000 | 00504cam a22001457a 4500 | ||
|---|---|---|---|
| 008 | 180718b2002 xxu||||| |||| 00| 0 eng d | ||
| 082 | _aV431x54 Si64 | ||
| 245 |
_aLarge dams in India: environmental, social and economic impacts _cedited by Shekhar Singh and Pranab Banerji |
||
| 260 |
_aNew Delhi _bIndian Institute of Public Administration _c2002 |
||
| 300 | _a338p. | ||
| 650 | _aDams - India | ||
| 650 | _aDams - Environmental aspects - India | ||
| 700 | _aBanerji, Pranab | ||
| 700 | _aSingh, Shekhar | ||
| 999 |
_c492044 _d492044 |
||